000 01047cam a22002531i 4500
003 OSt
005 20260221140407.0
008 260131s1909 xx g 000 0 ara c
040 _aSA-MaUQU
_bara
_cSA-RiAUC
_erda
082 0 _a258.2
090 _aم ن 258.2
_bا ب ن ع
100 1 _aابن عزوز، محمد مكي بن مصطفى بن محمد،
_d1270-1334 هجري
_eمؤلف.
245 1 0 _aهيئة الناسك في أن القبض في الصلاة هو مذهب الإمام مالك /
_cمحمد المكي بن عزوز.
264 1 _a[مكان النشر غير محدد] :
_bمطبعة روشن،‏
_c1909
300 _a32 صفحة ؛
_c29 سم
336 _aنص
_btxt
_2rdacontent
_3كتاب
337 _aبدون وسيط
_bn
_2rdamedia
338 _aمجلد
_bnc
_2rdacarrier
500 _aنسخة مصورة من أصل الكتاب.
650 7 _aالصلاة (فقه إسلامي)
_2aucsh
650 7 _aالفقه المالكي
_2aucsh
942 _2ddc
_cRBOOK COPY
_n0
949 _aSA-JeALM
_d260131
_umohamedma123
_n1
999 _c14452
_d14452